Machine tools - design, research, application /
Salvato in:
| Autori principali: | , , , , , , , , , , , , , , , , , , |
|---|---|
| Natura: | Libro |
| Lingua: | inglese |
| Pubblicazione: |
London
IntechOpen
2020
|
| Edizione: | 1. vyd. |
| Soggetti: | |
| Tags: |
Nessun Tag, puoi essere il primo ad aggiungerne!!
|
MARC
| LEADER | 00000nam a22000003a 4500 | ||
|---|---|---|---|
| 001 | 0084586 | ||
| 003 | SK-STU | ||
| 005 | 20231026125511.5 | ||
| 007 | ta | ||
| 008 | 201123s ----xo-----e------000-0-----d | ||
| 020 | |a 978-1-83962-350-9 | ||
| 020 | |a 978-1-83962-351-6 (online) | ||
| 020 | |a 978-1-83962-352-3 e-book | ||
| 035 | |a biblio/217806 |2 CREPC2 | ||
| 040 | |a STU |b slo | ||
| 041 | 0 | |a eng | |
| 100 | 1 | |a Šooš, Ľubomír, |d 1959- |u 020070 |4 edt |r Z1 |U SjF Strojnícka fakulta |T SjF Ústav výrobných systémov, enviromentálnej techniky a manažment kvality |X 2372 |U J0070 |Y 804 |7 A000002372 | |
| 245 | 1 | 0 | |a Machine tools - design, research, application / |c ed. Ľubomír Šooš, Krol Oleg, Karlo Obrovac, Toma Udiljak, Obrovac Jadranka Vukovic, Klaic Miho, Jozef Svetlík, Tomáš Stejskal, Peter Demec, Ľubomír Šooš, Michal Holub, Jiří Marek, Tomáš Marek, Petr Blecha, Jiří Tůma, Mahdal Miroslav, Jiří Šimek, Jaromír Škuta, Wagnerová Renata, Stanislav Žiaran ; ed. Jiří Marek |
| 250 | |a 1. vyd. | ||
| 260 | |a London |b IntechOpen |c 2020 | ||
| 300 | |a 149 s. | ||
| 500 | |a monografia neuznaná CVTI, môže byť len FAI | ||
| 650 | 4 | |a machine tools | |
| 700 | 1 | |a Marek, Jiří |4 edt | |
| 700 | 1 | |a Krol Oleg |4 aut |9 1,6 | |
| 700 | 1 | |a Obrovac Karlo |4 aut |9 1,6 | |
| 700 | 1 | |a Udiljak, Toma |4 aut |9 1,6 | |
| 700 | 1 | |a Obrovac Jadranka Vukovic |4 aut |9 1,6 | |
| 700 | 1 | |a Klaic Miho |4 aut |9 1,6 | |
| 700 | 1 | |a Svetlík, Jozef |4 aut |9 1,6 | |
| 700 | 1 | |a Stejskal, Tomáš |4 aut |9 1,6 | |
| 700 | 1 | |a Demec, Peter |4 aut |9 1,6 | |
| 700 | 1 | |a Šooš, Ľubomír, |d 1959- |u 020070 |r Z1 |4 aut |9 70 |U SjF Strojnícka fakulta |T SjF Ústav výrobných systémov, enviromentálnej techniky a manažment kvality |X 2372 |U J0070 |Y 804 |7 A000002372 | |
| 700 | 1 | |a Holub, Michal |4 aut |9 1,6 | |
| 700 | 1 | |a Marek, Jiří |4 aut |9 1,6 | |
| 700 | 1 | |a Marek, Tomáš |4 aut |9 1,6 | |
| 700 | 1 | |a Blecha, Petr |4 aut |9 1,6 | |
| 700 | 1 | |a Tůma, Jiří |4 aut |9 1,6 | |
| 700 | 1 | |a Mahdal Miroslav |4 aut |9 1,6 | |
| 700 | 1 | |a Šimek, Jiří |4 aut |9 1,6 | |
| 700 | 1 | |a Škuta, Jaromír |r Z6 |4 aut |9 1,6 | |
| 700 | 1 | |a Wagnerová Renata |4 aut |9 1,6 | |
| 700 | 1 | |a Žiaran, Stanislav, |d 1948- |u 020070 |r Z8 |4 aut |9 1,6 |U SjF Strojnícka fakulta |T SjF Ústav výrobných systémov, enviromentálnej techniky a manažment kvality |X 2470 |U J0070 |Y 804 |7 A000002470 | |
| 996 | |b 284J046274 |c J* 118824 |l JJST |s P |a 0 |w 0084586_0001 | ||
| 996 | |b 284J046275 |c J* 118825 |l JJST |s P |a 0 |w 0084586_0002 | ||